00542cam a22001452 4500001001100000005001700011008004100028040001500069100003600084245013300120260004100253300001800294502004500312650003900357000002342620151217161557.0121127s xx 000 0 eng d aKABUcKABU1 aJepkoech, Catalina.@000018280614aThe effect of training and development on staff performance :ba case study of postal corporation of Kenya /cCatalina Jepkoech. aNakuru :bKabarak University,c2012. ax, 58 leaves. aThesis (MBA) - Kabarak University, 2012. 0aTraining of employees.@0000182807